000 00745nam a2200193Ia 4500
003 GCL
008 140319s9999 xx 000 0 ara d
040 _aGCL /
_cGCL
082 0 4 _a214
_bع ت
100 1 _aعلى القارى، على بن سلطان محمد، -1606م
245 1 0 _aتبعيد العلماء عن تقريب الامراء /
_cعلى القارى، على بن سلطان محمد، -1606م
700 1 _aمحمد على المرصفى (تحقيق)
260 _aالقاهرة :
_bعالم الكتب الحديث ،
_c1990
300 _a219 ص ؛
_c20 سم
490 _aقضايا تربوية
_v5
650 0 4 _aالثقافة الاسلامية
650 0 4 _aالفقه الاسلامى
942 _2ddc
_cBK
999 _c31920
_d31920